<?xml version="1.0" encoding="UTF-8"?>
<record
    xmlns:xsi="http://www.w3.org/2001/XMLSchema-instance"
    xsi:schemaLocation="http://www.loc.gov/MARC21/slim http://www.loc.gov/standards/marcxml/schema/MARC21slim.xsd"
    xmlns="http://www.loc.gov/MARC21/slim">

  <leader>01456nam a2200169Ia 4500</leader>
  <controlfield tag="005">20250117103715.0</controlfield>
  <controlfield tag="008">250117s9999    xx            000 0 und d</controlfield>
  <datafield tag="020" ind1=" " ind2=" ">
    <subfield code="a">9780815704225</subfield>
  </datafield>
  <datafield tag="082" ind1=" " ind2=" ">
    <subfield code="a">341.2RIS</subfield>
  </datafield>
  <datafield tag="100" ind1=" " ind2=" ">
    <subfield code="a">Alan S. Alexandroff</subfield>
  </datafield>
  <datafield tag="245" ind1=" " ind2="0">
    <subfield code="a">Rising states, rising institutions</subfield>
    <subfield code="b">challenges for global governance</subfield>
  </datafield>
  <datafield tag="260" ind1=" " ind2=" ">
    <subfield code="a">Waterloo</subfield>
    <subfield code="b">Centre for International Governance Innovation</subfield>
    <subfield code="c">2010</subfield>
  </datafield>
  <datafield tag="300" ind1=" " ind2=" ">
    <subfield code="a">viii, 318 p. ; 23 cm.</subfield>
  </datafield>
  <datafield tag="500" ind1=" " ind2=" ">
    <subfield code="a">Includes bibliographical references and index.</subfield>
  </datafield>
  <datafield tag="520" ind1=" " ind2=" ">
    <subfield code="a">Rising States, Rising Institutions features a panel of distinguished scholars who examine the forces at work: Gregory Chin (York University), Daniel W. Drezner (Tufts University), Thomas Hale (Princeton University), Andrew Hurrell (Oxford University), G. John Ikenberry (Princeton University), John Kirton (University of Toronto), Flynt Leverett (New America Foundation), Steven E. Miller (Harvard University), Andrew Moravcsik (Princeton University), Amrita Narlikar (Cambridge University), and Anne-Marie Slaughter (U.S. State Department). Together they analyze different models of international cooperation, the states that have most actively challenged the existing order, and leading and emergent international institutions such as the G-20, the nascent regime for sovereign wealth funds, the International Atomic Energy Agency, and the entities organized to foster cooperation in the war on terror.</subfield>
  </datafield>
  <datafield tag="650" ind1=" " ind2=" ">
    <subfield code="a">International organization.</subfield>
  </datafield>
  <datafield tag="999" ind1=" " ind2=" ">
    <subfield code="c">4571</subfield>
    <subfield code="d">4571</subfield>
  </datafield>
  <datafield tag="952" ind1=" " ind2=" ">
    <subfield code="0">0</subfield>
    <subfield code="1">0</subfield>
    <subfield code="4">0</subfield>
    <subfield code="7">0</subfield>
    <subfield code="a">U002</subfield>
    <subfield code="b">U002</subfield>
    <subfield code="d">2025-01-17</subfield>
    <subfield code="l">0</subfield>
    <subfield code="o">341.2RIS</subfield>
    <subfield code="p">004628</subfield>
    <subfield code="r">2025-01-31 00:00:00</subfield>
    <subfield code="w">2025-01-17</subfield>
    <subfield code="y">BK</subfield>
  </datafield>
</record>
